000 01125nam a2200277 a 4500
001 000199044
003 AM-YeHGA
005 20250617123926.0
008 030329s1974 ru |||||||||||||||0|rus|d
040 _aAM-YeHGA
041 0 _arus
100 1 _aАндреева, Наталья Андреевна
245 1 0 _aФерменты обмена фолиевой кислоты /
_cН.А. Андреева ; АН СССР. Ин-т биохимии им. А.Н. Баха ; Отв. ред. А.И. Опарин.
260 _aМосква :
_bНаука,
_c1974.
300 _a96 с.
650 1 4 _aБиология
650 1 4 _aФолиевая кислота
_xМетаболизм
650 1 4 _aФерменты, коферменты и ферментов ингибиторы
650 1 4 _aМетаболические процессы
650 1 4 _aБиохимия
650 1 4 _aФолиевой кислоты антагонисты
700 1 _aОпарин, А.И.
_eред.
_4edt
710 2 _aИнститут биохимии им. А.Н. Баха АН СССР
942 _2udc
_cBK
090 _c70039
999 _c68861
_d68861